000
00191 a2200097 4500
001
2850
100
_a
Higgins, J
245
_a
Luciano's luck
260
_a
_b
Collins
_c
090
_c
2145
_d
2145
942
_a
NUST-CAE
_c
M
_c
12725
999
_c
237923
_d
237923